Т. 26; Труды Московского геолого-разведочного института им. С. Орджоникидзе

Detaylı Bibliyografya
Parent link:Труды Московского геолого-разведочного института им. С. Орджоникидзе: сборник научных трудов/ Московский геологоразведочный институт (МГРИ) ; под ред. В. М. Крейтера. Т. 26.— , 1937-1963
Dil:Rusça
Baskı/Yayın Bilgisi: 1954
Konular:
Materyal Türü: Kitap
KOHA link:https://koha.lib.tpu.ru/cgi-bin/koha/opac-detail.pl?biblionumber=354270

MARC

LEADER 00000nam2a2200000 4500
001 354270
005 20231102010656.0
035 |a (RuTPU)RU\TPU\retro\11528 
035 |a RU\TPU\retro\11457 
090 |a 354270 
100 |a 20200617d1954 k y0rusy5003 ca 
101 0 |a rus 
102 |a RU 
105 |a a z 001zy 
200 0 |a Т. 26 
210 |d 1954 
215 |a 248 с.  |c ил. 
320 |a Библиография в конце статей 
461 1 |0 (RuTPU)RU\TPU\retro\11347  |t Труды Московского геолого-разведочного института им. С. Орджоникидзе  |o сборник научных трудов  |f Московский геологоразведочный институт (МГРИ) ; под ред. В. М. Крейтера  |v Т. 26  |d 1937-1963 
606 1 |a Геологоразведочное дело  |2 stltpush  |3 (RuTPU)RU\TPU\subj\6125  |9 34083 
610 1 |a МГРИ 
610 1 |a 20-и летие 
610 1 |a кафедры 
610 1 |a подземные воды 
610 1 |a гидрогеохимическая зональность 
610 1 |a оценка ресурсов 
610 1 |a физико-технические свойства 
610 1 |a горные породы 
610 1 |a интрузивные тела 
610 1 |a природа 
610 1 |a тектоника 
610 1 |a Восточные Карпаты 
610 1 |a Тарбагатай 
610 1 |a Русская платформа 
610 1 |a Фергана 
610 1 |a бурильные трубы 
610 1 |a годографы 
610 1 |a отражательная способность 
610 1 |a гониометры 
610 1 |a триасовые белемниты 
610 1 |a граптолиты 
610 1 |a Каратау 
675 |a 550.83  |z rus  |v 3 
801 0 |a RU  |b RuMRKP  |c 19950417  |g psbo 
801 1 |a RU  |b 63413507  |c 20120823 
801 2 |a RU  |b 63413507  |c 20200617  |g RCR 
942 |c BK